[Event "It (open)"]
[Site "Parla (Spain)"]
[Date "2008.09.13"]
[Round "8"]
[White "Adan Bermudez Sergio (ESP)"]
[Black "Moreno Ruiz Javier (ESP)"]
[Result "1-0"]
[WhiteElo "2227"]
[BlackElo "2461"]

1.c4 g6 2.g3 Bg7 3.Bg2 d6 4.Nc3 e5 5.d3 Nc6 6.Rb1 a5 7.a3 Nf6 8.b4 axb4 9.axb4
O-O 10.e3 Bg4 11.Nge2 Qd7 12.h3 Be6 13.b5 Nd8 14.Nd5 Ne8 15.Bd2 h5 16.Bc3 f5
17.f4 Qf7 18.fxe5 Bxe5 19.d4 Bg7 20.Nef4 c6 21.Nb6 Ra7 22.Qd3 Nf6 23.d5 cxd5
24.cxd5 Bd7 25.Bxf6 Bxf6 26.Nxd7 Qxd7 27.Nxg6 Qg7 28.Nxf8 Qxg3+ 29.Kd1 Qxg2
30.Rf1 Ra2 31.Rxf5 Bg7 32.Ne6 Nf7 33.Rc1 Bf8 34.Rxf7 Kxf7 35.Qf5+ {#r} 1-0

[Event "Tournament (Elo)"]
[Site "Konakovo (Russia)"]
[Date "2008.09.21"]
[Round "3"]
[White "Dzera Evgeniy (RUS)"]
[Black "Nikolaev Dmitriy (RUS)"]
[Result "1-0"]
[WhiteElo "2114"]
[BlackElo "2196"]

1.c4 e5 2.Nc3 Nc6 3.g3 g6 4.Bg2 Bg7 5.d3 d6 6.Nf3 Nge7 7.O-O O-O 8.Rb1 a5 9.a3
Nf5 10.e3 Be6 11.b4 axb4 12.axb4 Qc8 13.Ng5 Bd7 14.b5 Nd8 15.Nd5 Re8 16.b6 h6
17.Ne4 Ra2 18.Nef6+ Kf8 19.bxc7 Ba4 20.Qe1 Bc2 21.Nxe8 Bxb1 22.Nb6 {#r} 1-0

[Event "Ch Croatia (team) (1st league) (a)"]
[Site "Sibenik (Croatia)"]
[Date "2008.09.27"]
[Round "1"]
[White "Kovacevic Blazimir (CRO)"]
[Black "Mohr Georg (SLO)"]
[Result "1-0"]
[WhiteElo "2472"]
[BlackElo "2495"]

1.g3 e5 2.c4 Nc6 3.Bg2 g6 4.Nc3 Bg7 5.d3 d6 6.e4 f5 7.Nge2 Nf6 8.O-O h6 9.exf5
Bxf5 10.h3 O-O 11.Be3 Qd7 12.g4 Be6 13.Nd5 Ne8 14.Qd2 h5 15.gxh5 gxh5 16.Kh2
Nd4 17.Nxd4 exd4 18.Bg5 c6 19.Ne7+ Kf7 20.f4 Nf6 21.f5 Bxc4 22.Ng6 Ba6 23.Nxf8
Rxf8 24.Rae1 Re8 25.Rxe8 Nxe8 26.f6 Nxf6 27.Qe2 Qe6 28.Qxh5+ Ke7 29.Qg6 Qf7
30.Re1+ Kf8 31.Qf5 Kg8 32.Rf1 {#r} 1-0

[Event "Ch England (team) 2008/09 (2 div)"]
[Site "England"]
[Date "2008.10.04"]
[Round "1"]
[White "Byway Paul (ENG)"]
[Black "Marsh Roger DW (ENG)"]
[Result "1-0"]
[WhiteElo "2154"]
[BlackElo "2088"]

1.c4 g6 2.g3 Bg7 3.Bg2 Nc6 4.Nc3 d6 5.d3 e5 6.Rb1 f5 7.b4 Nf6 8.b5 Ne7 9.Nf3
O-O 10.O-O c6 11.bxc6 bxc6 12.Qa4 Qc7 13.c5 d5 14.d4 Nd7 15.Bg5 Re8 16.Nxe5
Bxe5 17.Bxe7 Rxe7 18.Nxd5 cxd5 19.Bxd5+ Kh8 20.Bxa8 Bg7 21.e3 Nf6 22.d5 Re8
23.Bc6 Bd7 24.Bxd7 Qxd7 25.Qxd7 Nxd7 26.Rfc1 Bf8 27.d6 Ne5 28.Rb7 Rc8 29.Rc7
{#r} 1-0

[Event "World Mindsports Games (Active Team w)"]
[Site "Beijing (China)"]
[Date "2008.10.14"]
[Round "1"]
[White "Johnsen Sylvia (NOR)"]
[Black "Machalova Maria (SVK)"]
[Result "0-1"]
[WhiteElo "2040"]
[BlackElo "2187"]

1.c4 e5 2.Nc3 Nc6 3.g3 g6 4.Bg2 Bg7 5.d3 d6 6.Nf3 f5 7.e4 Nf6 8.O-O O-O 9.a3
h6 10.b4 Kh7 11.b5 Ne7 12.Ne1 fxe4 13.dxe4 Be6 14.Qd3 Qd7 15.Nc2 Nc8 16.Rd1
Nb6 17.Nd5 Nbxd5 18.cxd5 Bh3 19.Bh1 Rf7 20.Bd2 Raf8 21.Nb4 Nh5 22.f3 Qe7
23.Rac1 Kh8 24.Rc2 g5 25.Rdc1 Qd8 26.a4 g4 27.f4 exf4 28.gxf4 Nxf4 29.Bxf4
Rxf4 30.Rxc7 Qxc7 31.Rd1 Qb6+ {#R} 0-1

[Event "Bundesliga 2008/09"]
[Site "Austria"]
[Date "2008.11.07"]
[Round "1"]
[White "Moser Eva (AUT)"]
[Black "Likavsky Tomas (SVK)"]
[Result "1-0"]
[WhiteElo "2376"]
[BlackElo "2498"]

1.g3 e5 2.c4 d6 3.Bg2 g6 4.Nc3 Bg7 5.d3 Nc6 6.Nf3 f5 7.O-O Nf6 8.Bg5 h6 9.Bxf6
Qxf6 10.Rb1 Nd8 11.Nd5 Qf7 12.Qa4+ Kf8 13.Nd2 Kg8 14.f4 exf4 15.Nxf4 Kh7 16.e4
c6 17.exf5 gxf5 18.Nf3 Rg8 19.Rbe1 Ne6 20.Nxe6 Bxe6 21.Nh4 Rae8 22.Qb4 Be5
23.Kh1 Kh8 24.Qd2 Qg7 25.Nxf5 Bxf5 26.Rxf5 Bxb2 27.Ref1 Bc3 28.Qf4 Be5 29.Qh4
Qg6 30.Be4 Bg7 31.Rf7 Qe6 32.R1f6 {#r} 1-0

[Event "Olympiad (w)"]
[Site "Dresden (Germany)"]
[Date "2008.11.13"]
[Round "1"]
[White "Richtrova Eliska (CZE)"]
[Black "Piarnpuu Leili (EST)"]
[Result "1-0"]
[WhiteElo "2270"]
[BlackElo "2145"]

1.c4 e5 2.Nc3 Nc6 3.g3 g6 4.Bg2 Bg7 5.d3 d6 6.e3 f5 7.Nge2 Nf6 8.O-O O-O 9.Rb1
a5 10.a3 Ne7 11.f4 c6 12.Bd2 Be6 13.Qc2 Qc7 14.b3 h6 15.Kh1 Bf7 16.e4 Nd7
17.Ng1 Nc5 18.Nf3 Ne6 19.Ne2 exf4 20.gxf4 Kh7 21.Rbe1 Rae8 22.Bh3 Bf6 23.Ng3
d5 24.cxd5 Nxf4 25.Bxf4 Qxf4 26.d6 Qxd6 27.e5 Qxa3 28.exf6 Nd5 29.Ne5 Nb4
30.Qd2 Bd5+ 31.Bg2 Qxb3 32.Nxg6 Rg8 33.Ne5 Bxg2+ 34.Qxg2 Ref8 35.f7 Rg7 36.Qf3
Rg5 37.h4 Rg7 38.Qxf5+ Kh8 39.Ng6+ {#r} 1-0

[Event "Ch Asia (juniors)"]
[Site "Chennai (India)"]
[Date "2008.12.12"]
[Round "7"]
[White "Saravana Krishnan P (IND)"]
[Black "Arjun Bharat (IND)"]
[Result "1-0"]
[WhiteElo "2262"]
[BlackElo "1853"]

1.c4 e5 2.g3 Nc6 3.Bg2 d6 4.Nc3 g6 5.d3 Bg7 6.e4 Nge7 7.Nge2 O-O 8.O-O Be6
9.Nd5 Qd7 10.Bg5 f5 11.Qa4 Rf7 12.Bxe7 Rxe7 13.Nxe7+ Qxe7 14.exf5 Bxf5 15.c5
dxc5 16.Qb3+ {#r} 1-0

[Event "It (b)"]
[Site "Coulsdon (England)"]
[Date "2008.12.17"]
[Round "5"]
[White "Poobalasingam Peter (ENG)"]
[Black "Seymour Timothy P (ENG)"]
[Result "1-0"]
[WhiteElo "2235"]
[BlackElo "2040"]

1.c4 Nc6 2.Nc3 e5 3.g3 g6 4.Bg2 Bg7 5.d3 d6 6.f4 f5 7.Nf3 Nf6 8.Rb1 Be6 9.Ng5
Bg8 10.b4 Qd7 11.b5 Nd8 12.O-O h6 13.Nf3 Rb8 14.Kh1 Be6 15.fxe5 Nh5 16.Nh4 g5
17.e4 Bxe5 18.Ng6 Bxc3 19.Qxh5 Bf7 20.exf5 c6 21.Qe2+ {#r} 1-0

[Event "Ch Mittelfranken (team) 2008/09"]
[Site "Germany"]
[Date "2009.01.11"]
[Round "4"]
[White "Neumann Robert (GER)"]
[Black "Metzenroth Dieter"]
[Result "0-1"]
[WhiteElo "1867"]
[BlackElo "1798"]

1.c4 g6 2.g3 Bg7 3.Bg2 e5 4.Nc3 d6 5.d3 Nc6 6.e3 Nge7 7.Nge2 Be6 8.Nd5 O-O
9.Bd2 Qd7 10.O-O Nd8 11.e4 c6 12.Nxe7+ Qxe7 13.Bc3 Qd7 14.b3 d5 15.Qc2 f5
16.f3 d4 17.Bd2 fxe4 18.fxe4 Nf7 19.Qc1 Nd6 20.Qc2 Nf7 21.Qc1 Nd6 22.Qc2 Bg4
23.Rae1 Rxf1+ 24.Kxf1 Rf8+ 25.Kg1 Bf3 26.Qb1 Qg4 27.h3 Qh5 28.g4 Qh4 29.Bxf3
Rxf3 30.Rf1 Rxh3 31.Be1 Rh1+ 32.Kg2 Qh3+ {#R} 0-1

[Event "Ch City"]
[Site "Kolomna (Russia)"]
[Date "2009.01.21"]
[Round "5"]
[White "Polikushin Viktor (RUS)"]
[Black "Voinov Sergey (RUS)"]
[Result "0-1"]
[WhiteElo "1988"]
[BlackElo "2399"]

1.c4 e5 2.Nc3 Nc6 3.g3 g6 4.Bg2 Bg7 5.d3 d6 6.Nf3 Be6 7.Ng5 Bd7 8.Qb3 Nf6 9.c5
O-O 10.cxd6 cxd6 11.Qxb7 Rb8 12.Qa6 Nb4 13.Qxd6 Nc2+ 14.Kf1 Nxa1 15.Nd5 Nxd5
16.Bxd5 Bh3+ {#R} 0-1

[Event "Regionalliga Bayern South-East 2008/09"]
[Site "Bayern (Germany)"]
[Date "2009.03.15"]
[Round "8"]
[White "Dost Andreas (GER)"]
[Black "Kaiser Wolfgang (GER)"]
[Result "0-1"]
[WhiteElo "2023"]
[BlackElo "2261"]

1.c4 e5 2.g3 Nc6 3.Nc3 g6 4.Bg2 Bg7 5.d3 d6 6.e4 Be6 7.Nge2 Qd7 8.Nd5 Nd8 9.d4
c6 10.Ne3 Bh3 11.O-O Bxg2 12.Kxg2 Nf6 13.f3 exd4 14.Nxd4 Ne6 15.Nxe6 Qxe6
16.Qb3 Rb8 17.Nc2 O-O 18.Be3 d5 19.cxd5 cxd5 20.Bxa7 Rbc8 21.Nd4 Qa6 22.Nb5
dxe4 23.Bd4 Qc6 24.Nc3 Rcd8 25.Rad1 exf3+ 26.Rxf3 Ng4 27.Qb4 Nxh2 28.Bxg7
Qxf3+ 29.Kxh2 Kxg7 30.Re1 {#R} 0-1

[Event "Ch Hessen (Gr. C)"]
[Site "Idstein (Germany)"]
[Date "2009.04.09"]
[Round "2"]
[White "Vielsaecker Dirk"]
[Black "Libuda Thomas (GER)"]
[Result "0-1"]
[WhiteElo "1860"]
[BlackElo "1963"]

1.c4 g6 2.Nc3 Bg7 3.g3 d6 4.Bg2 Nc6 5.d3 e5 6.Rb1 f5 7.e4 Nf6 8.Nge2 O-O 9.O-O
a6 10.a4 fxe4 11.dxe4 Bg4 12.f3 Be6 13.Nd5 Qd7 14.Be3 Rf7 15.Qd2 Ne7 16.Nec3
Nexd5 17.Nxd5 Qxa4 18.Rbc1 Qd7 19.Rfd1 Bh3 20.Bh1 Raf8 21.c5 Qb5 22.Nc3 Qb3
23.cxd6 cxd6 24.Qe2 Rd8 25.Rd2 Rfd7 26.Rcd1 Be6 27.f4 Ng4 28.Nd5 Nxe3 29.Nxe3
Qb6 30.Kf1 Rf8 31.Qf2 exf4 32.gxf4 Bh6 33.Ng2 Qb5+ 34.Kg1 Bg4 35.Rd5 Qc6 36.f5
Bxd1 37.Rxd1 Qxe4 38.Nh4 Qg4+ {#R} 0-1

[Event "Ch Berlin"]
[Site "Berlin (Germany)"]
[Date "2009.04.18"]
[Round "8"]
[White "Dauth Benjamin (GER)"]
[Black "Figura Atila Gajo (GER)"]
[Result "0-1"]
[WhiteElo "2318"]
[BlackElo "2436"]

1.c4 e5 2.Nc3 Nc6 3.g3 g6 4.Bg2 Bg7 5.d3 d6 6.Nf3 f5 7.O-O Nf6 8.Rb1 O-O 9.b4
a6 10.a4 h6 11.b5 axb5 12.axb5 Ne7 13.e4 f4 14.d4 fxg3 15.fxg3 exd4 16.Nxd4
Ng4 17.Nd5 Rxf1+ 18.Bxf1 Nxd5 19.cxd5 Qf6 20.Nf3 Qc3 21.Qe2 Bd7 22.Bf4 Qc5+
23.Kg2 g5 24.Bc1 Bxb5 25.Rxb5 Qxc1 26.Rxb7 Ne3+ 27.Kg1 Ra1 28.Rb8+ Kh7 29.Kf2
g4 30.Nd2 Bd4 31.Qd3 Qe1+ {#R} 0-1

[Event "It (open)"]
[Site "Karlovy Vary (Czech Republic)"]
[Date "2009.05.03"]
[Round "7"]
[White "Soural Jan (CZE)"]
[Black "Klecker Tadeas (CZE)"]
[Result "0-1"]
[WhiteElo "2207"]
[BlackElo "2159"]

1.c4 d6 2.Nc3 e5 3.g3 g6 4.Bg2 Bg7 5.d3 Nc6 6.Nf3 f5 7.O-O Nf6 8.Bg5 h6 9.Bxf6
Qxf6 10.Nd5 Qf7 11.Nd2 O-O 12.b4 Nd4 13.e3 Ne6 14.Rb1 f4 15.b5 g5 16.Bf3 Nc5
17.Bh5 Qd7 18.Ne4 Nxe4 19.dxe4 c6 20.bxc6 bxc6 21.g4 Kh8 22.Nc3 Qe6 23.Qa4 Bd7
24.h3 Kh7 25.Kg2 Bf6 26.Rb7 Be7 27.Nd5 Rad8 28.Nxe7 Qxe7 29.exf4 gxf4 30.Qxc6
f3+ 31.Kg3 Kh8 32.h4 Rg8 33.Rd1 Qe6 34.Qxd6 Rxg4+ 35.Kxf3 Rf4+ 36.Ke3 Rxe4+
37.Kxe4 Bc6+ {#R} 0-1

[Event "Ch Spain (team) (selecciones Autonomicas)"]
[Site "Villava (Spain)"]
[Date "2009.05.03"]
[Round "6"]
[White "Moreno Gracia Daniel (ESP)"]
[Black "Picazo Lopez Juan Antonio (ESP)"]
[Result "1-0"]
[WhiteElo "2313"]
[BlackElo "2226"]

1.c4 e5 2.Nc3 Nc6 3.g3 g6 4.Bg2 Bg7 5.d3 d6 6.Nf3 f5 7.O-O Nf6 8.Bg5 Ne7 9.Rc1
O-O 10.Qd2 Be6 11.b4 Kh8 12.Bh6 Ng4 13.Bxg7+ Kxg7 14.Ng5 Bc8 15.Bxb7 Rb8
16.Bxc8 Qxc8 17.Nd5 Qd7 18.Nxc7 Rfc8 19.Nd5 h6 20.Nxe7 Qxe7 21.Nf3 Qb7 22.b5
Re8 23.Ne1 h5 24.f3 Nf6 25.e4 h4 26.exf5 hxg3 27.Qg5 gxh2+ 28.Kh1 Qf7 29.Qxg6+
Qxg6 30.fxg6 Kxg6 31.Kxh2 Kf5 32.Kg1 Rh8 33.Rc2 Rh3 34.Rh2 Rg8+ 35.Ng2 Rhg3
36.Kf2 {#r} 1-0

[Event "It (open)"]
[Site "Subic Bay (Philippines)"]
[Date "2009.05.25"]
[Round "1"]
[White "Florendo Paulo James (PHI)"]
[Black "Yu Yangyi (CHN)"]
[Result "0-1"]
[WhiteElo "2262"]
[BlackElo "2510"]

1.c4 e5 2.Nc3 Nc6 3.g3 g6 4.Bg2 Bg7 5.d3 d6 6.e4 Nge7 7.Nge2 Be6 8.O-O Qd7
9.Nd5 O-O 10.Be3 Nd8 11.Rc1 c5 12.Nxe7+ Qxe7 13.Qd2 Nc6 14.f4 f5 15.b3 Kh8
16.Rce1 Rae8 17.Kh1 Qd7 18.Nc3 Nd4 19.Nd5 Bxd5 20.cxd5 exf4 21.Bxd4 Bxd4
22.gxf4 Qg7 23.Re2 Re7 24.exf5 Rxe2 25.Qxe2 gxf5 26.Qh5 Rg8 27.Qh3 Be3 28.a4
b6 29.Qf3 Bxf4 30.Bh3 Qh6 31.Rf2 Bg3 32.hxg3 Qxh3+ 33.Rh2 Qxg3 34.Qf1 f4 {#R}
0-1

[Event "Tournament \"]
[Site "Warsaw (Poland)"]
[Round "5"]
[White "Janczarski Michal (POL)"]
[Black "Jarmula Pawel (POL)"]
[Result "1-0"]
[WhiteElo "2202"]
[BlackElo "1828"]

1.c4 e5 2.g3 g6 3.Bg2 Bg7 4.Nc3 Nc6 5.d3 d6 6.Rb1 a5 7.a3 f5 8.b4 axb4 9.axb4
Nf6 10.b5 Ne7 11.e3 O-O 12.Qb3 Kh8 13.Nge2 h6 14.O-O g5 15.f4 exf4 16.gxf4 g4
17.e4 Nd7 18.Be3 Nc5 19.Bxc5 dxc5 20.Nd5 Ng6 21.e5 Rf7 22.Ra1 Rxa1 23.Rxa1 Nf8
24.Ra8 Qd7 25.Qa3 Ne6 26.Qa7 Rf8 27.Qa3 Qf7 28.Qa1 b6 29.Qa7 Kg8 30.Rb8 Rd8
31.Qa8 Qe8 32.Rxc8 {#r} 1-0

[Event "Tournament (Elo) \"]
[Site "Warsaw (Poland)"]
[Date "2009.06.05"]
[Round "11"]
[White "Wilczynski Adam (POL)"]
[Black "Jarmula Pawel (POL)"]
[Result "0-1"]
[WhiteElo "1759"]
[BlackElo "1828"]

1.c4 g6 2.g3 Bg7 3.Bg2 d6 4.Nc3 Nc6 5.d3 e5 6.e4 Nge7 7.Nge2 O-O 8.O-O f5 9.f4
Be6 10.Nd5 Qd7 11.Rb1 a5 12.Bd2 Kh8 13.a3 fxe4 14.dxe4 Bg4 15.Qe1 Nxd5 16.exd5
Ne7 17.Bxa5 Bxe2 18.Qxe2 Rxa5 19.fxe5 Rxf1+ 20.Qxf1 dxe5 21.Bh3 Nf5 22.Qd3 Ra8
23.Rf1 Rf8 24.Qb3 Nd4 25.Qb4 Rxf1+ 26.Bxf1 b6 27.a4 Bh6 28.a5 Qf5 29.Qa3 Qe4
30.Kf2 Nc2 31.Qd3 Be3+ 32.Ke2 Qg4# 0-1

[Event "Zt"]
[Site "Asuncion (Paraguay)"]
[Date "2009.06.11"]
[Round "2"]
[White "Kropff Ricardo (PAR)"]
[Black "Rodriguez Andres (URU)"]
[Result "0-1"]
[WhiteElo "2306"]
[BlackElo "2522"]

1.c4 d6 2.Nc3 g6 3.g3 Bg7 4.Bg2 e5 5.d3 Nc6 6.e4 f5 7.Nge2 Nf6 8.O-O O-O 9.Nd5
Be6 10.Bg5 Qd7 11.Rc1 Nh5 12.Qd2 Rf7 13.f3 Raf8 14.exf5 gxf5 15.f4 Qe8 16.fxe5
dxe5 17.Bh6 f4 18.Bxg7 Rxg7 19.Rce1 Kh8 20.d4 fxg3 21.hxg3 Rxf1+ 22.Rxf1 Bg4
23.Bf3 Bxf3 24.Rxf3 exd4 25.Kh2 Ne5 26.Rf5 d3 {#R} 0-1

[Event "It (open)"]
[Site "Avoine (France)"]
[Date "2009.07.21"]
[Round "4"]
[White "Antoine Jean-Luc (FRA)"]
[Black "Frick Christoph (GER)"]
[Result "0-1"]
[WhiteElo "1607"]
[BlackElo "2255"]

1.c4 g6 2.g3 Bg7 3.Bg2 d6 4.Nc3 e5 5.d3 Nc6 6.e4 Nh6 7.Nge2 f5 8.O-O O-O 9.h3
f4 10.gxf4 Qh4 11.fxe5 Bxh3 12.Bxh3 Qxh3 13.Nf4 Rxf4 14.Bxf4 Rf8 15.Nd5 Ng4
16.Nf6+ Bxf6 17.exf6 Rxf6 18.Qd2 Rxf4 19.Qxf4 Nd4 {#R} 0-1

[Event "It (open)"]
[Site "Gdansk (Poland)"]
[Date "2009.07.26"]
[Round "9"]
[White "Suliborski Jakub (POL)"]
[Black "Ziebinski Bartosz (POL)"]
[Result "0-1"]
[WhiteElo "1795"]
[BlackElo "2045"]

1.c4 e5 2.Nc3 Nc6 3.g3 g6 4.Bg2 Bg7 5.d3 d6 6.e4 Be6 7.Nge2 Qd7 8.Rb1 Bh3
9.O-O h5 10.Kh1 Bxg2+ 11.Kxg2 h4 12.Ng1 Nge7 13.Bg5 f6 14.Be3 Bh6 15.Nd5 Nxd5
16.cxd5 Ne7 17.Qb3 b6 18.Bxh6 Rxh6 19.f4 hxg3 20.hxg3 O-O-O 21.fxe5 fxe5
22.Qc4 Rdh8 23.Rf3 Rh1 24.Rf2 Qg4 25.Rc1 R8h2+ {#R} 0-1

[Event "Tournament (open)"]
[Site "Piestany (Slovakia)"]
[Round "7"]
[White "Hujo Jozef (SVK)"]
[Black "Lanc Alois (SVK)"]
[Result "0-1"]
[WhiteElo "2142"]
[BlackElo "2398"]

1.c4 e5 2.Nc3 Nc6 3.g3 g6 4.Bg2 Bg7 5.d3 d6 6.Bd2 f5 7.h4 h6 8.Rb1 Nf6 9.b4
Nd4 10.e3 Ne6 11.Nge2 c6 12.O-O g5 13.hxg5 hxg5 14.d4 Qe7 15.d5 cxd5 16.Nxd5
Nxd5 17.Bxd5 Nc7 18.Kg2 Nxd5 19.cxd5 Qf7 20.Nc3 Bd7 21.f3 Qg6 22.Qc2 g4 23.f4
Rh3 24.Rg1 Qh5 25.Rh1 Ke7 26.Rbg1 Rh8 27.Rxh3 Qxh3+ 28.Kf2 Rc8 29.Qd3 Qh2+
30.Rg2 Qh1 31.fxe5 Bxe5 32.Ne2 Qd1 33.Nd4 Rh8 34.Ne2 a6 35.e4 Ke8 36.exf5 Bb5
37.Qe3 Rh1 {#R} 0-1

[Event "It (cat.4)"]
[Site "Brasschaat (Belgium)"]
[Date "2009.08.22"]
[Round "8"]
[White "Wirig Anthony (FRA)"]
[Black "Nijs Nils (BEL)"]
[Result "1-0"]
[WhiteElo "2491"]
[BlackElo "2242"]

1.c4 e5 2.Nc3 Nc6 3.g3 g6 4.Bg2 Bg7 5.d3 d6 6.Rb1 a5 7.a3 f5 8.e3 Nf6 9.Nge2
O-O 10.O-O Be6 11.Nd5 Ne8 12.b4 axb4 13.axb4 Qd7 14.b5 Nd8 15.Bd2 Qf7 16.Nb4
g5 17.f4 gxf4 18.gxf4 Nf6 19.Ng3 Qg6 20.Nd5 Nxd5 21.cxd5 Bd7 22.Nh5 Ra2
23.Nxg7 Qxg7 24.Rf3 Rf6 25.Rg3 Rg6 26.Rxg6 Qxg6 27.Kh1 Nf7 28.Qe2 Nh6 29.b6
cxb6 30.Rg1 Ng4 31.Bf3 Kf7 32.e4 exf4 33.exf5 Bxf5 34.Bxg4 Bxg4 35.Rxg4 Rxd2
36.Rxf4+ {#r} 1-0

[Event "It (open)"]
[Site "Ricany (Czech Republic)"]
[Date "2009.08.22"]
[Round "1"]
[White "Mejzlik Ondrej (CZE)"]
[Black "Kubik Jaroslav (CZE)"]
[Result "1-0"]
[WhiteElo "2206"]
[BlackElo "1975"]

1.c4 e5 2.Nc3 Nc6 3.g3 d6 4.Bg2 g6 5.d3 Bg7 6.e4 Nge7 7.Nge2 h5 8.Bg5 f6 9.Be3
h4 10.O-O hxg3 11.fxg3 Bg4 12.Nd5 Nxd5 13.cxd5 Nd4 14.Bxd4 exd4 15.Qc2 Bh6
16.Nf4 Kf7 17.Qc4 Qe7 18.Qxd4 Bg7 19.Qc4 Rac8 20.Rae1 g5 21.e5 b5 22.e6+ Kg8
23.Ng6 Qe8 24.Qxg4 Qxg6 25.e7 f5 26.Rxf5 Re8 27.Rxg5 Qf6 28.Re6 {#r} 1-0

[Event "Ch Germany (seniors) (team)"]
[Site "Finsterbergen (Germany)"]
[Date "2009.09.14"]
[Round "4"]
[White "Clemens Christian Dr (GER)"]
[Black "Luetje Juergen (GER)"]
[Result "1-0"]
[WhiteElo "2290"]
[BlackElo "2151"]

1.g3 e5 2.c4 Nc6 3.Bg2 g6 4.Nc3 Bg7 5.d3 d6 6.e3 Be6 7.Nge2 Qd7 8.h3 Nge7
9.Nd5 O-O 10.Rb1 Nd8 11.Nxe7+ Qxe7 12.Nc3 c6 13.Bd2 Qd7 14.Qa4 f5 15.O-O Rf7
16.Rbd1 f4 17.exf4 exf4 18.Bxf4 Bxh3 19.Ne2 Bxg2 20.Kxg2 Qf5 21.f3 Ne6 22.Bxd6
Ng5 23.Nf4 Rd8 24.c5 Nxf3 25.Rxf3 g5 26.Qc4 gxf4 27.Rxf4 Qd5+ 28.Qxd5 cxd5
29.Rxf7 Kxf7 30.Re1 Rd7 31.b4 Bc3 32.Rh1 Kg6 33.b5 Rf7 34.Rc1 Ba5 35.Bb8 a6
36.c6 {#r} 1-0

[Event "Memorial V.Dvorkovich (cat.3)"]
[Site "Moscow (Russia)"]
[Date "2009.09.20"]
[Round "13"]
[White "Ageichenko Genadi A (RUS)"]
[Black "Tiukaev Ilgiz (UZB)"]
[Result "1-0"]
[WhiteElo "2375"]
[BlackElo "2161"]

1.c4 e5 2.Nc3 Nc6 3.g3 g6 4.Bg2 Bg7 5.d3 d6 6.Rb1 a5 7.a3 Be6 8.e3 Nf6 9.Nd5
O-O 10.Ne2 h6 11.O-O Qd7 12.Nxf6+ Bxf6 13.Nc3 Bh3 14.Nd5 Bd8 15.Bxh3 Qxh3
16.e4 Kh7 17.b4 axb4 18.axb4 f5 19.b5 Ne7 20.Nxe7 Bxe7 21.f4 exf4 22.Bxf4 fxe4
23.dxe4 Rae8 24.Qd5 Qc8 25.e5 dxe5 26.Bxe5 Rxf1+ 27.Rxf1 Rf8 28.Rf7+ {#r} 1-0

[Event "Ch Germany (juniors) (team)"]
[Site "Wismar (Germany)"]
[Date "2009.10.01"]
[Round "3"]
[White "Mueller Tobias (GER)"]
[Black "Mueller Alexander (GER)"]
[Result "1-0"]
[WhiteElo "1863"]
[BlackElo "1936"]

1.c4 e5 2.g3 Nc6 3.Bg2 g6 4.Nc3 Bg7 5.d3 d6 6.e3 f5 7.Nge2 Nf6 8.O-O O-O 9.Rb1
Be6 10.Nd5 Qd7 11.b4 Nd8 12.b5 Ne8 13.a4 c6 14.Nb4 g5 15.f4 exf4 16.gxf4 g4
17.Bb2 Bxb2 18.Rxb2 Rc8 19.Nd4 Bf7 20.e4 fxe4 21.Bxe4 Ng7 22.f5 d5 23.cxd5 c5
24.f6 cxb4 25.fxg7 Re8 26.Bf5 Qxd5 27.Bxc8 Qxd4+ 28.Rbf2 h5 29.Qd2 Re3 30.Re1
Rf3 31.Re4 Qc5 32.d4 Rxf2 33.Qh6 Rg2+ 34.Kxg2 Qc2+ 35.Kg3 Qc3+ 36.Kh4 Qh3+
37.Kg5 {#r} 1-0

[Event "Czech League 2009/10 (1st) West"]
[Site "Czech Republic"]
[Date "2009.10.11"]
[Round "1"]
[White "Petr Jan (CZE)"]
[Black "Richtrova Eliska (CZE)"]
[Result "0-1"]
[WhiteElo "2220"]
[BlackElo "2233"]

1.c4 e5 2.Nc3 Nc6 3.g3 g6 4.Bg2 Bg7 5.d3 d6 6.e3 Nh6 7.Nge2 O-O 8.Rb1 Be6 9.b4
Qd7 10.O-O Bh3 11.Nd5 Bxg2 12.Kxg2 Nd8 13.b5 Ne6 14.a4 f5 15.f4 c6 16.Nb4 Rae8
17.Nc2 c5 18.h3 g5 19.d4 cxd4 20.exd4 exf4 21.gxf4 g4 22.Rb3 Rf6 23.h4 Nf8
24.h5 Qf7 25.d5 Qxh5 26.Bb2 Rf7 27.Rh1 Qg6 28.Ncd4 Re4 29.Ng3 Rxf4 30.Nh5 Re4
31.Nxg7 Rxg7 {#R} 0-1

[Event "Ch Norway (team) 2009/10"]
[Site "Norway"]
[Date "2009.11.06"]
[Round "3"]
[White "Stokke Kjetil (NOR)"]
[Black "Byklum Bjornar (NOR)"]
[Result "1-0"]
[WhiteElo "2347"]
[BlackElo "2310"]

1.c4 d6 2.g3 g6 3.Bg2 Bg7 4.Nc3 e5 5.d3 Nc6 6.e4 f5 7.Nge2 Nf6 8.O-O O-O 9.Nd5
f4 10.gxf4 Nh5 11.f3 Nd4 12.Nxd4 exd4 13.f5 c6 14.f6 Nxf6 15.Nxf6+ Qxf6 16.f4
Rf7 17.Bd2 Bh6 18.Qe1 Bd7 19.Qg3 Raf8 20.Rae1 Qg7 21.Re2 Rf6 22.Ref2 Qf7
23.Qh4 Bg7 24.f5 h6 25.Bh3 gxf5 26.exf5 d5 27.c5 Qe7 28.Kh1 Qxc5 29.Rg1 R8f7
30.Bxh6 Qd6 31.Bf4 Qe7 32.Rfg2 Bxf5 33.Bxf5 Rxf5 34.Rxg7+ {#r} 1-0

[Event "Ch World (juniors) (under 14)"]
[Site "Kemer (Turkey)"]
[Date "2009.11.15"]
[Round "4"]
[White "Gabuzyan Hovhannes (ARM)"]
[Black "Bajarani Ulvi (AZE)"]
[Result "1-0"]
[WhiteElo "2180"]
[BlackElo "2358"]

1.c4 g6 2.Nc3 Bg7 3.g3 e5 4.Bg2 Nc6 5.d3 d6 6.Rb1 f5 7.e3 Nf6 8.Nge2 O-O 9.b4
g5 10.b5 Ne7 11.f4 gxf4 12.exf4 a6 13.O-O axb5 14.cxb5 Ng6 15.d4 e4 16.d5 h5
17.Nd4 Bd7 18.Qb3 Qe7 19.Bb2 Rae8 20.Rbc1 Qf7 21.Bh3 Ne7 22.Ne6 Bxe6 23.dxe6
Qg6 24.Ne2 c6 25.Rfd1 Nfd5 26.Bxg7 Kxg7 27.bxc6 bxc6 28.Rxc6 Nxc6 29.Qxd5 Ne7
30.Qxd6 Qf6 31.Qe5 Kg6 32.Rd7 {#r} 1-0

[Event "Ch World (juniors) (under 14)"]
[Site "Kemer (Turkey)"]
[Date "2009.11.16"]
[Round "5"]
[White "Karlsson Mikael (SWE)"]
[Black "Stoyanov Ivaylo (BUL)"]
[Result "0-1"]
[WhiteElo "2042"]
[BlackElo "2055"]

1.c4 g6 2.Nc3 Bg7 3.g3 Nc6 4.Bg2 e5 5.d3 d6 6.Bd2 Be6 7.Nf3 h6 8.Qb3 Rb8 9.Qa4
Ne7 10.O-O O-O 11.Rab1 d5 12.cxd5 Nxd5 13.a3 Re8 14.Ne4 Nde7 15.Nc5 Bc8 16.b4
b6 17.b5 bxc5 18.bxc6 Rb6 19.Be3 Rxc6 20.Rb8 Rb6 21.Qxa7 Nc6 22.Rxc8 Qxc8
23.Qa4 Nd4 24.Re1 Qe6 25.Nd2 Reb8 26.Kf1 Ra6 27.Qc4 Qxc4 28.Nxc4 Nc2 29.Rc1
Nxa3 30.Nxa3 Rxa3 31.Bxc5 Rc3 {#R} 0-1

[Event "Ch World (juniors) (under 16) (g)"]
[Site "Kemer (Turkey)"]
[Date "2009.11.16"]
[Round "6"]
[White "Hoang Thi Nhu Y (VIE)"]
[Black "Paikidze Nazi (GEO)"]
[Result "0-1"]
[WhiteElo "2119"]
[BlackElo "2298"]

1.c4 e5 2.Nc3 Nc6 3.g3 g6 4.Bg2 Bg7 5.d3 d6 6.Nf3 Nge7 7.Rb1 a5 8.O-O O-O 9.a3
h6 10.Ne1 Be6 11.Nd5 f5 12.Nc2 Qd7 13.Nxe7+ Qxe7 14.b4 axb4 15.axb4 Qd7 16.b5
Ne7 17.Nb4 c6 18.bxc6 bxc6 19.Bb2 f4 20.Ra1 Rxa1 21.Qxa1 Bh3 22.Qa6 Bxg2
23.Kxg2 e4 24.Bxg7 f3+ 25.exf3 exf3+ 26.Kh1 Kxg7 27.Qa1+ Kh7 {#R} 0-1

[Event "Ch Europe (active)"]
[Site "Warsaw (Poland)"]
[Date "2009.12.20"]
[Round "13"]
[White "Markowski Tomasz (POL)"]
[Black "Neiksans Arturs (LAT)"]
[Result "0-1"]
[WhiteElo "2627"]
[BlackElo "2478"]

1.c4 e5 2.g3 Nc6 3.Nc3 g6 4.Bg2 Bg7 5.d3 d6 6.e4 f5 7.Nge2 Nf6 8.O-O O-O 9.Nd5
Ne7 10.Bg5 Nexd5 11.cxd5 h6 12.Bd2 g5 13.exf5 Bxf5 14.Qb3 Qe8 15.Rac1 Qh5
16.Nc3 Bxd3 17.Qxb7 Rab8 18.Qxc7 Rxb2 19.Nb1 Bxb1 20.Bc3 Rc2 21.Rxb1 Ng4 22.h3
Nxf2 23.Rb7 Nxh3+ 24.Bxh3 Rxf1+ {#R} 0-1